<?xml version="1.0" encoding="UTF-8"?>
<record
    xmlns:xsi="http://www.w3.org/2001/XMLSchema-instance"
    xsi:schemaLocation="http://www.loc.gov/MARC21/slim http://www.loc.gov/standards/marcxml/schema/MARC21slim.xsd"
    xmlns="http://www.loc.gov/MARC21/slim">

  <leader>00983nas a2200265 454500</leader>
  <controlfield tag="001">28782</controlfield>
  <controlfield tag="005">20260407193507.0</controlfield>
  <controlfield tag="008">260407s1971####ag###########|||spa#d</controlfield>
  <controlfield tag="003">AR-UNSa-BCEJYS</controlfield>
  <datafield tag="040" ind1=" " ind2=" ">
    <subfield code="a">AR-UNSa-BCEJYS</subfield>
    <subfield code="b">spa</subfield>
    <subfield code="c">AR-UNSa-BCEJYS</subfield>
  </datafield>
  <datafield tag="080" ind1=" " ind2=" ">
    <subfield code="a">338.43</subfield>
    <subfield code="x">Agricultura como una rama de la econom&#xED;a. Econom&#xED;a de los productos alimenticios</subfield>
  </datafield>
  <datafield tag="245" ind1="1" ind2="0">
    <subfield code="a">Estados de mercados</subfield>
  </datafield>
  <datafield tag="264" ind1=" " ind2="1">
    <subfield code="a">Buenos Aires :</subfield>
    <subfield code="b">Banco de la Naci&#xF3;n Argentina</subfield>
    <subfield code="c">1971</subfield>
  </datafield>
  <datafield tag="310" ind1=" " ind2=" ">
    <subfield code="a">Frecuencia: Mensual</subfield>
  </datafield>
  <datafield tag="041" ind1=" " ind2=" ">
    <subfield code="a">spa</subfield>
  </datafield>
  <datafield tag="942" ind1=" " ind2=" ">
    <subfield code="c">SER</subfield>
  </datafield>
  <datafield tag="590" ind1=" " ind2=" ">
    <subfield code="a">niveau_biblio:s niveau_hierar:1</subfield>
  </datafield>
  <datafield tag="100" ind1="1" ind2=" ">
    <subfield code="a">Banco de la Naci&#xF3;n Argentina. Gerencia Departamental de Pol&#xED;tica Crediticia. Departamento de Estudios</subfield>
  </datafield>
  <datafield tag="650" ind1=" " ind2=" ">
    <subfield code="a">Mercado agr&#xED;cola</subfield>
  </datafield>
  <datafield tag="650" ind1=" " ind2=" ">
    <subfield code="a">Producci&#xF3;n industrial</subfield>
  </datafield>
  <datafield tag="650" ind1=" " ind2=" ">
    <subfield code="a">ECONOMIA</subfield>
  </datafield>
  <datafield tag="650" ind1=" " ind2=" ">
    <subfield code="a">PRODUCCION AGRARIA</subfield>
  </datafield>
  <datafield tag="650" ind1=" " ind2=" ">
    <subfield code="a">EXPORTACIONES</subfield>
  </datafield>
  <datafield tag="856" ind1="4" ind2="1">
    <subfield code="u">https://biblioeco.unsa.edu.ar/pmb/images/revistas/Banco de la Nacion Argentina-r13873.jpg</subfield>
    <subfield code="y">Imagen de portada</subfield>
    <subfield code="q">image/jpeg</subfield>
  </datafield>
  <datafield tag="999" ind1=" " ind2=" ">
    <subfield code="c">8658</subfield>
    <subfield code="d">8658</subfield>
  </datafield>
  <datafield tag="952" ind1=" " ind2=" ">
    <subfield code="0">0</subfield>
    <subfield code="1">0</subfield>
    <subfield code="4">0</subfield>
    <subfield code="7">0</subfield>
    <subfield code="a">BCEJYS</subfield>
    <subfield code="b">BCEJYS</subfield>
    <subfield code="c">17</subfield>
    <subfield code="d">1972-05-01</subfield>
    <subfield code="h">N&#xBA; 253 - mayo 1972</subfield>
    <subfield code="l">0</subfield>
    <subfield code="o">H338.43 EST 253</subfield>
    <subfield code="p">R20295</subfield>
    <subfield code="r">2026-04-10 16:08:46</subfield>
    <subfield code="w">2026-04-10</subfield>
    <subfield code="y">RN</subfield>
  </datafield>
  <datafield tag="952" ind1=" " ind2=" ">
    <subfield code="0">0</subfield>
    <subfield code="1">0</subfield>
    <subfield code="4">0</subfield>
    <subfield code="7">0</subfield>
    <subfield code="a">BCEJYS</subfield>
    <subfield code="b">BCEJYS</subfield>
    <subfield code="c">17</subfield>
    <subfield code="d">1972-05-01</subfield>
    <subfield code="h">N&#xBA; 252 - mayo 1972</subfield>
    <subfield code="l">0</subfield>
    <subfield code="o">H338.43 EST 252</subfield>
    <subfield code="p">R13903</subfield>
    <subfield code="r">2026-04-10 16:08:46</subfield>
    <subfield code="w">2026-04-10</subfield>
    <subfield code="y">RN</subfield>
  </datafield>
  <datafield tag="952" ind1=" " ind2=" ">
    <subfield code="0">0</subfield>
    <subfield code="1">0</subfield>
    <subfield code="4">0</subfield>
    <subfield code="7">0</subfield>
    <subfield code="a">BCEJYS</subfield>
    <subfield code="b">BCEJYS</subfield>
    <subfield code="c">17</subfield>
    <subfield code="d">1972-05-01</subfield>
    <subfield code="h">N&#xBA; 251 - mayo 1972</subfield>
    <subfield code="l">0</subfield>
    <subfield code="o">H338.43 EST 251</subfield>
    <subfield code="p">R13902</subfield>
    <subfield code="r">2026-04-10 16:08:46</subfield>
    <subfield code="w">2026-04-10</subfield>
    <subfield code="y">RN</subfield>
  </datafield>
  <datafield tag="952" ind1=" " ind2=" ">
    <subfield code="0">0</subfield>
    <subfield code="1">0</subfield>
    <subfield code="4">0</subfield>
    <subfield code="7">0</subfield>
    <subfield code="a">BCEJYS</subfield>
    <subfield code="b">BCEJYS</subfield>
    <subfield code="c">17</subfield>
    <subfield code="d">1972-04-01</subfield>
    <subfield code="h">N&#xBA; 250 - abr. 1972</subfield>
    <subfield code="l">0</subfield>
    <subfield code="o">H338.43 EST 250</subfield>
    <subfield code="p">R13901</subfield>
    <subfield code="r">2026-04-10 16:08:46</subfield>
    <subfield code="w">2026-04-10</subfield>
    <subfield code="y">RN</subfield>
  </datafield>
  <datafield tag="952" ind1=" " ind2=" ">
    <subfield code="0">0</subfield>
    <subfield code="1">0</subfield>
    <subfield code="4">0</subfield>
    <subfield code="7">0</subfield>
    <subfield code="a">BCEJYS</subfield>
    <subfield code="b">BCEJYS</subfield>
    <subfield code="c">17</subfield>
    <subfield code="d">1972-04-01</subfield>
    <subfield code="h">N&#xBA; 249 - abr. 1972</subfield>
    <subfield code="l">0</subfield>
    <subfield code="o">H338.43 EST 249</subfield>
    <subfield code="p">R13900</subfield>
    <subfield code="r">2026-04-10 16:08:46</subfield>
    <subfield code="w">2026-04-10</subfield>
    <subfield code="y">RN</subfield>
  </datafield>
  <datafield tag="952" ind1=" " ind2=" ">
    <subfield code="0">0</subfield>
    <subfield code="1">0</subfield>
    <subfield code="4">0</subfield>
    <subfield code="7">0</subfield>
    <subfield code="a">BCEJYS</subfield>
    <subfield code="b">BCEJYS</subfield>
    <subfield code="c">17</subfield>
    <subfield code="d">1972-04-01</subfield>
    <subfield code="h">N&#xBA; 248 - abr. 1972</subfield>
    <subfield code="l">0</subfield>
    <subfield code="o">H338.43 EST 248</subfield>
    <subfield code="p">R13899</subfield>
    <subfield code="r">2026-04-10 16:08:46</subfield>
    <subfield code="w">2026-04-10</subfield>
    <subfield code="y">RN</subfield>
  </datafield>
  <datafield tag="952" ind1=" " ind2=" ">
    <subfield code="0">0</subfield>
    <subfield code="1">0</subfield>
    <subfield code="4">0</subfield>
    <subfield code="7">0</subfield>
    <subfield code="a">BCEJYS</subfield>
    <subfield code="b">BCEJYS</subfield>
    <subfield code="c">17</subfield>
    <subfield code="d">1972-03-01</subfield>
    <subfield code="h">N&#xBA; 247 - mar. 1972</subfield>
    <subfield code="l">0</subfield>
    <subfield code="o">H338.43 EST 247</subfield>
    <subfield code="p">R13898</subfield>
    <subfield code="r">2026-04-10 16:08:46</subfield>
    <subfield code="w">2026-04-10</subfield>
    <subfield code="y">RN</subfield>
  </datafield>
  <datafield tag="952" ind1=" " ind2=" ">
    <subfield code="0">0</subfield>
    <subfield code="1">0</subfield>
    <subfield code="4">0</subfield>
    <subfield code="7">0</subfield>
    <subfield code="a">BCEJYS</subfield>
    <subfield code="b">BCEJYS</subfield>
    <subfield code="c">17</subfield>
    <subfield code="d">1972-03-01</subfield>
    <subfield code="h">N&#xBA; 246 - mar. 1972</subfield>
    <subfield code="l">0</subfield>
    <subfield code="o">H338.43 EST 246</subfield>
    <subfield code="p">R13897</subfield>
    <subfield code="r">2026-04-10 16:08:46</subfield>
    <subfield code="w">2026-04-10</subfield>
    <subfield code="y">RN</subfield>
  </datafield>
  <datafield tag="952" ind1=" " ind2=" ">
    <subfield code="0">0</subfield>
    <subfield code="1">0</subfield>
    <subfield code="4">0</subfield>
    <subfield code="7">0</subfield>
    <subfield code="a">BCEJYS</subfield>
    <subfield code="b">BCEJYS</subfield>
    <subfield code="c">17</subfield>
    <subfield code="d">1972-03-01</subfield>
    <subfield code="h">N&#xBA; 245 - mar. 1972</subfield>
    <subfield code="l">0</subfield>
    <subfield code="o">H338.43 EST 245</subfield>
    <subfield code="p">R13896</subfield>
    <subfield code="r">2026-04-10 16:08:46</subfield>
    <subfield code="w">2026-04-10</subfield>
    <subfield code="y">RN</subfield>
  </datafield>
  <datafield tag="952" ind1=" " ind2=" ">
    <subfield code="0">0</subfield>
    <subfield code="1">0</subfield>
    <subfield code="4">0</subfield>
    <subfield code="7">0</subfield>
    <subfield code="a">BCEJYS</subfield>
    <subfield code="b">BCEJYS</subfield>
    <subfield code="c">17</subfield>
    <subfield code="d">1972-02-01</subfield>
    <subfield code="h">N&#xBA; 244 - feb. 1972</subfield>
    <subfield code="l">0</subfield>
    <subfield code="o">H338.43 EST 244</subfield>
    <subfield code="p">R13895</subfield>
    <subfield code="r">2026-04-10 16:08:46</subfield>
    <subfield code="w">2026-04-10</subfield>
    <subfield code="y">RN</subfield>
  </datafield>
  <datafield tag="952" ind1=" " ind2=" ">
    <subfield code="0">0</subfield>
    <subfield code="1">0</subfield>
    <subfield code="4">0</subfield>
    <subfield code="7">0</subfield>
    <subfield code="a">BCEJYS</subfield>
    <subfield code="b">BCEJYS</subfield>
    <subfield code="c">17</subfield>
    <subfield code="d">1972-02-01</subfield>
    <subfield code="h">N&#xBA; 243 - feb. 1972</subfield>
    <subfield code="l">0</subfield>
    <subfield code="o">H338.43 EST 243</subfield>
    <subfield code="p">R13894</subfield>
    <subfield code="r">2026-04-10 16:08:46</subfield>
    <subfield code="w">2026-04-10</subfield>
    <subfield code="y">RN</subfield>
  </datafield>
  <datafield tag="952" ind1=" " ind2=" ">
    <subfield code="0">0</subfield>
    <subfield code="1">0</subfield>
    <subfield code="4">0</subfield>
    <subfield code="7">0</subfield>
    <subfield code="a">BCEJYS</subfield>
    <subfield code="b">BCEJYS</subfield>
    <subfield code="c">17</subfield>
    <subfield code="d">1972-02-01</subfield>
    <subfield code="h">N&#xBA; 242 - feb. 1972</subfield>
    <subfield code="l">0</subfield>
    <subfield code="o">H338.43 EST 242</subfield>
    <subfield code="p">R13893</subfield>
    <subfield code="r">2026-04-10 16:08:46</subfield>
    <subfield code="w">2026-04-10</subfield>
    <subfield code="y">RN</subfield>
  </datafield>
  <datafield tag="952" ind1=" " ind2=" ">
    <subfield code="0">0</subfield>
    <subfield code="1">0</subfield>
    <subfield code="4">0</subfield>
    <subfield code="7">0</subfield>
    <subfield code="a">BCEJYS</subfield>
    <subfield code="b">BCEJYS</subfield>
    <subfield code="c">17</subfield>
    <subfield code="d">1972-01-01</subfield>
    <subfield code="h">N&#xBA; 241 - ene. 1972</subfield>
    <subfield code="l">0</subfield>
    <subfield code="o">H338.43 EST 241</subfield>
    <subfield code="p">R13892</subfield>
    <subfield code="r">2026-04-10 16:08:46</subfield>
    <subfield code="w">2026-04-10</subfield>
    <subfield code="y">RN</subfield>
  </datafield>
  <datafield tag="952" ind1=" " ind2=" ">
    <subfield code="0">0</subfield>
    <subfield code="1">0</subfield>
    <subfield code="4">0</subfield>
    <subfield code="7">0</subfield>
    <subfield code="a">BCEJYS</subfield>
    <subfield code="b">BCEJYS</subfield>
    <subfield code="c">17</subfield>
    <subfield code="d">1972-01-01</subfield>
    <subfield code="h">N&#xBA; 240 - ene. 1972</subfield>
    <subfield code="l">0</subfield>
    <subfield code="o">H338.43 EST 240</subfield>
    <subfield code="p">R13891</subfield>
    <subfield code="r">2026-04-10 16:08:46</subfield>
    <subfield code="w">2026-04-10</subfield>
    <subfield code="y">RN</subfield>
  </datafield>
  <datafield tag="952" ind1=" " ind2=" ">
    <subfield code="0">0</subfield>
    <subfield code="1">0</subfield>
    <subfield code="4">0</subfield>
    <subfield code="7">0</subfield>
    <subfield code="a">BCEJYS</subfield>
    <subfield code="b">BCEJYS</subfield>
    <subfield code="c">17</subfield>
    <subfield code="d">1972-01-01</subfield>
    <subfield code="h">N&#xBA; 239 - ene. 1972</subfield>
    <subfield code="l">0</subfield>
    <subfield code="o">H338.43 EST 239</subfield>
    <subfield code="p">R13890</subfield>
    <subfield code="r">2026-04-10 16:08:46</subfield>
    <subfield code="w">2026-04-10</subfield>
    <subfield code="y">RN</subfield>
  </datafield>
  <datafield tag="952" ind1=" " ind2=" ">
    <subfield code="0">0</subfield>
    <subfield code="1">0</subfield>
    <subfield code="4">0</subfield>
    <subfield code="7">0</subfield>
    <subfield code="a">BCEJYS</subfield>
    <subfield code="b">BCEJYS</subfield>
    <subfield code="c">17</subfield>
    <subfield code="d">1971-12-01</subfield>
    <subfield code="h">N&#xBA; 238 - dic. 1971</subfield>
    <subfield code="l">0</subfield>
    <subfield code="o">H338.43 EST 238</subfield>
    <subfield code="p">R13889</subfield>
    <subfield code="r">2026-04-10 16:08:46</subfield>
    <subfield code="w">2026-04-10</subfield>
    <subfield code="y">RN</subfield>
  </datafield>
  <datafield tag="952" ind1=" " ind2=" ">
    <subfield code="0">0</subfield>
    <subfield code="1">0</subfield>
    <subfield code="4">0</subfield>
    <subfield code="7">0</subfield>
    <subfield code="a">BCEJYS</subfield>
    <subfield code="b">BCEJYS</subfield>
    <subfield code="c">17</subfield>
    <subfield code="d">1971-12-01</subfield>
    <subfield code="h">N&#xBA; 237 - dic. 1971</subfield>
    <subfield code="l">0</subfield>
    <subfield code="o">H338.43 EST 237</subfield>
    <subfield code="p">R13888</subfield>
    <subfield code="r">2026-04-10 16:08:46</subfield>
    <subfield code="w">2026-04-10</subfield>
    <subfield code="y">RN</subfield>
  </datafield>
  <datafield tag="952" ind1=" " ind2=" ">
    <subfield code="0">0</subfield>
    <subfield code="1">0</subfield>
    <subfield code="4">0</subfield>
    <subfield code="7">0</subfield>
    <subfield code="a">BCEJYS</subfield>
    <subfield code="b">BCEJYS</subfield>
    <subfield code="c">17</subfield>
    <subfield code="d">1971-12-01</subfield>
    <subfield code="h">N&#xBA; 236 - dic. 1971</subfield>
    <subfield code="l">0</subfield>
    <subfield code="o">H338.43 EST 236</subfield>
    <subfield code="p">R13887</subfield>
    <subfield code="r">2026-04-10 16:08:46</subfield>
    <subfield code="w">2026-04-10</subfield>
    <subfield code="y">RN</subfield>
  </datafield>
  <datafield tag="952" ind1=" " ind2=" ">
    <subfield code="0">0</subfield>
    <subfield code="1">0</subfield>
    <subfield code="4">0</subfield>
    <subfield code="7">0</subfield>
    <subfield code="a">BCEJYS</subfield>
    <subfield code="b">BCEJYS</subfield>
    <subfield code="c">17</subfield>
    <subfield code="d">1971-11-01</subfield>
    <subfield code="h">N&#xBA; 235 - nov. 1971</subfield>
    <subfield code="l">0</subfield>
    <subfield code="o">H338.43 EST 235</subfield>
    <subfield code="p">R13886</subfield>
    <subfield code="r">2026-04-10 16:08:46</subfield>
    <subfield code="w">2026-04-10</subfield>
    <subfield code="y">RN</subfield>
  </datafield>
  <datafield tag="952" ind1=" " ind2=" ">
    <subfield code="0">0</subfield>
    <subfield code="1">0</subfield>
    <subfield code="4">0</subfield>
    <subfield code="7">0</subfield>
    <subfield code="a">BCEJYS</subfield>
    <subfield code="b">BCEJYS</subfield>
    <subfield code="c">17</subfield>
    <subfield code="d">1971-11-01</subfield>
    <subfield code="h">N&#xBA; 234 - nov. 1971</subfield>
    <subfield code="l">0</subfield>
    <subfield code="o">H338.43 EST 234</subfield>
    <subfield code="p">R13885</subfield>
    <subfield code="r">2026-04-10 16:08:46</subfield>
    <subfield code="w">2026-04-10</subfield>
    <subfield code="y">RN</subfield>
  </datafield>
  <datafield tag="952" ind1=" " ind2=" ">
    <subfield code="0">0</subfield>
    <subfield code="1">0</subfield>
    <subfield code="4">0</subfield>
    <subfield code="7">0</subfield>
    <subfield code="a">BCEJYS</subfield>
    <subfield code="b">BCEJYS</subfield>
    <subfield code="c">17</subfield>
    <subfield code="d">1971-09-01</subfield>
    <subfield code="h">N&#xBA; 229 - sep. 1971</subfield>
    <subfield code="l">0</subfield>
    <subfield code="o">H338.43 EST 229</subfield>
    <subfield code="p">R20294</subfield>
    <subfield code="r">2026-04-10 16:08:46</subfield>
    <subfield code="w">2026-04-10</subfield>
    <subfield code="y">RN</subfield>
  </datafield>
  <datafield tag="952" ind1=" " ind2=" ">
    <subfield code="0">0</subfield>
    <subfield code="1">0</subfield>
    <subfield code="4">0</subfield>
    <subfield code="7">0</subfield>
    <subfield code="a">BCEJYS</subfield>
    <subfield code="b">BCEJYS</subfield>
    <subfield code="c">17</subfield>
    <subfield code="d">1971-09-01</subfield>
    <subfield code="h">N&#xBA; 228 - sep. 1971</subfield>
    <subfield code="l">0</subfield>
    <subfield code="o">H338.43 EST 228</subfield>
    <subfield code="p">R13884</subfield>
    <subfield code="r">2026-04-10 16:08:46</subfield>
    <subfield code="w">2026-04-10</subfield>
    <subfield code="y">RN</subfield>
  </datafield>
  <datafield tag="952" ind1=" " ind2=" ">
    <subfield code="0">0</subfield>
    <subfield code="1">0</subfield>
    <subfield code="4">0</subfield>
    <subfield code="7">0</subfield>
    <subfield code="a">BCEJYS</subfield>
    <subfield code="b">BCEJYS</subfield>
    <subfield code="c">17</subfield>
    <subfield code="d">1971-09-01</subfield>
    <subfield code="h">N&#xBA; 227 - sep. 1971</subfield>
    <subfield code="l">0</subfield>
    <subfield code="o">H338.43 EST 227</subfield>
    <subfield code="p">R13883</subfield>
    <subfield code="r">2026-04-10 16:08:46</subfield>
    <subfield code="w">2026-04-10</subfield>
    <subfield code="y">RN</subfield>
  </datafield>
  <datafield tag="952" ind1=" " ind2=" ">
    <subfield code="0">0</subfield>
    <subfield code="1">0</subfield>
    <subfield code="4">0</subfield>
    <subfield code="7">0</subfield>
    <subfield code="a">BCEJYS</subfield>
    <subfield code="b">BCEJYS</subfield>
    <subfield code="c">17</subfield>
    <subfield code="d">1971-08-01</subfield>
    <subfield code="h">N&#xBA; 226 - ago. 1971</subfield>
    <subfield code="l">0</subfield>
    <subfield code="o">H338.43 EST 226</subfield>
    <subfield code="p">R13882</subfield>
    <subfield code="r">2026-04-10 16:08:46</subfield>
    <subfield code="w">2026-04-10</subfield>
    <subfield code="y">RN</subfield>
  </datafield>
  <datafield tag="952" ind1=" " ind2=" ">
    <subfield code="0">0</subfield>
    <subfield code="1">0</subfield>
    <subfield code="4">0</subfield>
    <subfield code="7">0</subfield>
    <subfield code="a">BCEJYS</subfield>
    <subfield code="b">BCEJYS</subfield>
    <subfield code="c">17</subfield>
    <subfield code="d">1971-07-01</subfield>
    <subfield code="h">N&#xBA; 223 - jul. 1971</subfield>
    <subfield code="l">0</subfield>
    <subfield code="o">H338.43 EST 223</subfield>
    <subfield code="p">R13881</subfield>
    <subfield code="r">2026-04-10 16:08:46</subfield>
    <subfield code="w">2026-04-10</subfield>
    <subfield code="y">RN</subfield>
  </datafield>
  <datafield tag="952" ind1=" " ind2=" ">
    <subfield code="0">0</subfield>
    <subfield code="1">0</subfield>
    <subfield code="4">0</subfield>
    <subfield code="7">0</subfield>
    <subfield code="a">BCEJYS</subfield>
    <subfield code="b">BCEJYS</subfield>
    <subfield code="c">17</subfield>
    <subfield code="d">1971-07-01</subfield>
    <subfield code="h">N&#xBA; 222 - jul. 1971</subfield>
    <subfield code="l">0</subfield>
    <subfield code="o">H338.43 EST 222</subfield>
    <subfield code="p">R13880</subfield>
    <subfield code="r">2026-04-10 16:08:46</subfield>
    <subfield code="w">2026-04-10</subfield>
    <subfield code="y">RN</subfield>
  </datafield>
  <datafield tag="952" ind1=" " ind2=" ">
    <subfield code="0">0</subfield>
    <subfield code="1">0</subfield>
    <subfield code="4">0</subfield>
    <subfield code="7">0</subfield>
    <subfield code="a">BCEJYS</subfield>
    <subfield code="b">BCEJYS</subfield>
    <subfield code="c">17</subfield>
    <subfield code="d">1971-07-01</subfield>
    <subfield code="h">N&#xBA; 221 - jul. 1971</subfield>
    <subfield code="l">0</subfield>
    <subfield code="o">H338.43 EST 221</subfield>
    <subfield code="p">R13879</subfield>
    <subfield code="r">2026-04-10 16:08:46</subfield>
    <subfield code="w">2026-04-10</subfield>
    <subfield code="y">RN</subfield>
  </datafield>
  <datafield tag="952" ind1=" " ind2=" ">
    <subfield code="0">0</subfield>
    <subfield code="1">0</subfield>
    <subfield code="4">0</subfield>
    <subfield code="7">0</subfield>
    <subfield code="a">BCEJYS</subfield>
    <subfield code="b">BCEJYS</subfield>
    <subfield code="c">17</subfield>
    <subfield code="d">1971-06-01</subfield>
    <subfield code="h">N&#xBA; 220 - jun. 1971</subfield>
    <subfield code="l">0</subfield>
    <subfield code="o">H338.43 EST 220</subfield>
    <subfield code="p">R13878</subfield>
    <subfield code="r">2026-04-10 16:08:46</subfield>
    <subfield code="w">2026-04-10</subfield>
    <subfield code="y">RN</subfield>
  </datafield>
  <datafield tag="952" ind1=" " ind2=" ">
    <subfield code="0">0</subfield>
    <subfield code="1">0</subfield>
    <subfield code="4">0</subfield>
    <subfield code="7">0</subfield>
    <subfield code="a">BCEJYS</subfield>
    <subfield code="b">BCEJYS</subfield>
    <subfield code="c">17</subfield>
    <subfield code="d">1971-06-01</subfield>
    <subfield code="h">N&#xBA; 219 - jun. 1971</subfield>
    <subfield code="l">0</subfield>
    <subfield code="o">H338.43 EST 219</subfield>
    <subfield code="p">R13877</subfield>
    <subfield code="r">2026-04-10 16:08:46</subfield>
    <subfield code="w">2026-04-10</subfield>
    <subfield code="y">RN</subfield>
  </datafield>
  <datafield tag="952" ind1=" " ind2=" ">
    <subfield code="0">0</subfield>
    <subfield code="1">0</subfield>
    <subfield code="4">0</subfield>
    <subfield code="7">0</subfield>
    <subfield code="a">BCEJYS</subfield>
    <subfield code="b">BCEJYS</subfield>
    <subfield code="c">17</subfield>
    <subfield code="d">1971-06-01</subfield>
    <subfield code="h">N&#xBA; 218 - jun. 1971</subfield>
    <subfield code="l">0</subfield>
    <subfield code="o">H338.43 EST 218</subfield>
    <subfield code="p">R13876</subfield>
    <subfield code="r">2026-04-10 16:08:46</subfield>
    <subfield code="w">2026-04-10</subfield>
    <subfield code="y">RN</subfield>
  </datafield>
  <datafield tag="952" ind1=" " ind2=" ">
    <subfield code="0">0</subfield>
    <subfield code="1">0</subfield>
    <subfield code="4">0</subfield>
    <subfield code="7">0</subfield>
    <subfield code="a">BCEJYS</subfield>
    <subfield code="b">BCEJYS</subfield>
    <subfield code="c">17</subfield>
    <subfield code="d">1971-05-01</subfield>
    <subfield code="h">N&#xBA; 217 - mayo 1971</subfield>
    <subfield code="l">0</subfield>
    <subfield code="o">H338.43 EST 217</subfield>
    <subfield code="p">R13875</subfield>
    <subfield code="r">2026-04-10 16:08:46</subfield>
    <subfield code="w">2026-04-10</subfield>
    <subfield code="y">RN</subfield>
  </datafield>
  <datafield tag="952" ind1=" " ind2=" ">
    <subfield code="0">0</subfield>
    <subfield code="1">0</subfield>
    <subfield code="4">0</subfield>
    <subfield code="7">0</subfield>
    <subfield code="a">BCEJYS</subfield>
    <subfield code="b">BCEJYS</subfield>
    <subfield code="c">17</subfield>
    <subfield code="d">1971-05-01</subfield>
    <subfield code="h">N&#xBA; 216 - mayo 1971</subfield>
    <subfield code="l">0</subfield>
    <subfield code="o">H338.43 EST 216</subfield>
    <subfield code="p">R13874</subfield>
    <subfield code="r">2026-04-10 16:08:46</subfield>
    <subfield code="w">2026-04-10</subfield>
    <subfield code="y">RN</subfield>
  </datafield>
  <datafield tag="952" ind1=" " ind2=" ">
    <subfield code="0">0</subfield>
    <subfield code="1">0</subfield>
    <subfield code="4">0</subfield>
    <subfield code="7">0</subfield>
    <subfield code="a">BCEJYS</subfield>
    <subfield code="b">BCEJYS</subfield>
    <subfield code="c">17</subfield>
    <subfield code="d">1971-05-01</subfield>
    <subfield code="h">N&#xBA; 215 - mayo 1971</subfield>
    <subfield code="l">0</subfield>
    <subfield code="o">H338.43 EST 215</subfield>
    <subfield code="p">R13873</subfield>
    <subfield code="r">2026-04-10 16:08:46</subfield>
    <subfield code="w">2026-04-10</subfield>
    <subfield code="y">RN</subfield>
  </datafield>
  <datafield tag="952" ind1=" " ind2=" ">
    <subfield code="0">0</subfield>
    <subfield code="1">0</subfield>
    <subfield code="4">0</subfield>
    <subfield code="7">0</subfield>
    <subfield code="a">BCEJYS</subfield>
    <subfield code="b">BCEJYS</subfield>
    <subfield code="c">17</subfield>
    <subfield code="d">1971-04-02</subfield>
    <subfield code="h">N&#xBA; 214 - abr. 1971</subfield>
    <subfield code="l">0</subfield>
    <subfield code="o">H338.43 EST 214</subfield>
    <subfield code="p">R17803</subfield>
    <subfield code="r">2026-04-10 16:08:46</subfield>
    <subfield code="w">2026-04-10</subfield>
    <subfield code="y">RN</subfield>
  </datafield>
  <datafield tag="952" ind1=" " ind2=" ">
    <subfield code="0">0</subfield>
    <subfield code="1">0</subfield>
    <subfield code="4">0</subfield>
    <subfield code="7">0</subfield>
    <subfield code="a">BCEJYS</subfield>
    <subfield code="b">BCEJYS</subfield>
    <subfield code="c">17</subfield>
    <subfield code="d">1971-04-01</subfield>
    <subfield code="h">N&#xBA; 213 - abr. 1971</subfield>
    <subfield code="l">0</subfield>
    <subfield code="o">H338.43 EST 213</subfield>
    <subfield code="p">R13872</subfield>
    <subfield code="r">2026-04-10 16:08:46</subfield>
    <subfield code="w">2026-04-10</subfield>
    <subfield code="y">RN</subfield>
  </datafield>
  <datafield tag="952" ind1=" " ind2=" ">
    <subfield code="0">0</subfield>
    <subfield code="1">0</subfield>
    <subfield code="4">0</subfield>
    <subfield code="7">0</subfield>
    <subfield code="a">BCEJYS</subfield>
    <subfield code="b">BCEJYS</subfield>
    <subfield code="c">17</subfield>
    <subfield code="d">1971-04-01</subfield>
    <subfield code="h">N&#xBA; 212 - abr. 1971</subfield>
    <subfield code="l">0</subfield>
    <subfield code="o">H338.43 EST 212</subfield>
    <subfield code="p">R13871</subfield>
    <subfield code="r">2026-04-10 16:08:46</subfield>
    <subfield code="w">2026-04-10</subfield>
    <subfield code="y">RN</subfield>
  </datafield>
  <datafield tag="952" ind1=" " ind2=" ">
    <subfield code="0">0</subfield>
    <subfield code="1">0</subfield>
    <subfield code="4">0</subfield>
    <subfield code="7">0</subfield>
    <subfield code="a">BCEJYS</subfield>
    <subfield code="b">BCEJYS</subfield>
    <subfield code="c">17</subfield>
    <subfield code="d">1971-03-01</subfield>
    <subfield code="h">N&#xBA; 211 - mar. 1971</subfield>
    <subfield code="l">0</subfield>
    <subfield code="o">H338.43 EST 211</subfield>
    <subfield code="p">R13870</subfield>
    <subfield code="r">2026-04-10 16:08:46</subfield>
    <subfield code="w">2026-04-10</subfield>
    <subfield code="y">RN</subfield>
  </datafield>
  <datafield tag="952" ind1=" " ind2=" ">
    <subfield code="0">0</subfield>
    <subfield code="1">0</subfield>
    <subfield code="4">0</subfield>
    <subfield code="7">0</subfield>
    <subfield code="a">BCEJYS</subfield>
    <subfield code="b">BCEJYS</subfield>
    <subfield code="c">17</subfield>
    <subfield code="d">1971-03-01</subfield>
    <subfield code="h">N&#xBA; 210 - mar. 1971</subfield>
    <subfield code="l">0</subfield>
    <subfield code="o">H338.43 EST 210</subfield>
    <subfield code="p">R13869</subfield>
    <subfield code="r">2026-04-10 16:08:46</subfield>
    <subfield code="w">2026-04-10</subfield>
    <subfield code="y">RN</subfield>
  </datafield>
  <datafield tag="952" ind1=" " ind2=" ">
    <subfield code="0">0</subfield>
    <subfield code="1">0</subfield>
    <subfield code="4">0</subfield>
    <subfield code="7">0</subfield>
    <subfield code="a">BCEJYS</subfield>
    <subfield code="b">BCEJYS</subfield>
    <subfield code="c">17</subfield>
    <subfield code="d">1971-03-01</subfield>
    <subfield code="h">N&#xBA; 209 - mar. 1971</subfield>
    <subfield code="l">0</subfield>
    <subfield code="o">H338.43 EST 209</subfield>
    <subfield code="p">R13868</subfield>
    <subfield code="r">2026-04-10 16:08:46</subfield>
    <subfield code="w">2026-04-10</subfield>
    <subfield code="y">RN</subfield>
  </datafield>
  <datafield tag="952" ind1=" " ind2=" ">
    <subfield code="0">0</subfield>
    <subfield code="1">0</subfield>
    <subfield code="4">0</subfield>
    <subfield code="7">0</subfield>
    <subfield code="a">BCEJYS</subfield>
    <subfield code="b">BCEJYS</subfield>
    <subfield code="c">17</subfield>
    <subfield code="d">1971-02-01</subfield>
    <subfield code="h">N&#xBA; 208 - feb. 1971</subfield>
    <subfield code="l">0</subfield>
    <subfield code="o">H338.43 EST 208</subfield>
    <subfield code="p">R13867</subfield>
    <subfield code="r">2026-04-10 16:08:46</subfield>
    <subfield code="w">2026-04-10</subfield>
    <subfield code="y">RN</subfield>
  </datafield>
  <datafield tag="952" ind1=" " ind2=" ">
    <subfield code="0">0</subfield>
    <subfield code="1">0</subfield>
    <subfield code="4">0</subfield>
    <subfield code="7">0</subfield>
    <subfield code="a">BCEJYS</subfield>
    <subfield code="b">BCEJYS</subfield>
    <subfield code="c">17</subfield>
    <subfield code="d">1971-02-01</subfield>
    <subfield code="h">N&#xBA; 207 - feb. 1971</subfield>
    <subfield code="l">0</subfield>
    <subfield code="o">H338.43 EST 207</subfield>
    <subfield code="p">R13866</subfield>
    <subfield code="r">2026-04-10 16:08:46</subfield>
    <subfield code="w">2026-04-10</subfield>
    <subfield code="y">RN</subfield>
  </datafield>
  <datafield tag="952" ind1=" " ind2=" ">
    <subfield code="0">0</subfield>
    <subfield code="1">0</subfield>
    <subfield code="4">0</subfield>
    <subfield code="7">0</subfield>
    <subfield code="a">BCEJYS</subfield>
    <subfield code="b">BCEJYS</subfield>
    <subfield code="c">17</subfield>
    <subfield code="d">1971-02-01</subfield>
    <subfield code="h">N&#xBA; 206 - feb. 1971</subfield>
    <subfield code="l">0</subfield>
    <subfield code="o">H338.43 EST 206</subfield>
    <subfield code="p">R13865</subfield>
    <subfield code="r">2026-04-10 16:08:46</subfield>
    <subfield code="w">2026-04-10</subfield>
    <subfield code="y">RN</subfield>
  </datafield>
  <datafield tag="952" ind1=" " ind2=" ">
    <subfield code="0">0</subfield>
    <subfield code="1">0</subfield>
    <subfield code="4">0</subfield>
    <subfield code="7">0</subfield>
    <subfield code="a">BCEJYS</subfield>
    <subfield code="b">BCEJYS</subfield>
    <subfield code="c">17</subfield>
    <subfield code="d">1971-02-01</subfield>
    <subfield code="h">N&#xBA; 205 - feb. 1971</subfield>
    <subfield code="l">0</subfield>
    <subfield code="o">H338.43 EST 205</subfield>
    <subfield code="p">R13864</subfield>
    <subfield code="r">2026-04-10 16:08:46</subfield>
    <subfield code="w">2026-04-10</subfield>
    <subfield code="y">RN</subfield>
  </datafield>
  <datafield tag="952" ind1=" " ind2=" ">
    <subfield code="0">0</subfield>
    <subfield code="1">0</subfield>
    <subfield code="4">0</subfield>
    <subfield code="7">0</subfield>
    <subfield code="a">BCEJYS</subfield>
    <subfield code="b">BCEJYS</subfield>
    <subfield code="c">17</subfield>
    <subfield code="d">1971-01-01</subfield>
    <subfield code="h">N&#xBA; 204 - ene. 1971</subfield>
    <subfield code="l">0</subfield>
    <subfield code="o">H338.43 EST 204</subfield>
    <subfield code="p">R13863</subfield>
    <subfield code="r">2026-04-10 16:08:46</subfield>
    <subfield code="w">2026-04-10</subfield>
    <subfield code="y">RN</subfield>
  </datafield>
  <datafield tag="952" ind1=" " ind2=" ">
    <subfield code="0">0</subfield>
    <subfield code="1">0</subfield>
    <subfield code="4">0</subfield>
    <subfield code="7">0</subfield>
    <subfield code="a">BCEJYS</subfield>
    <subfield code="b">BCEJYS</subfield>
    <subfield code="c">17</subfield>
    <subfield code="d">1971-01-01</subfield>
    <subfield code="h">N&#xBA; 203 - ene. 1971</subfield>
    <subfield code="l">0</subfield>
    <subfield code="o">H338.43 EST 203</subfield>
    <subfield code="p">R13862</subfield>
    <subfield code="r">2026-04-10 16:08:46</subfield>
    <subfield code="w">2026-04-10</subfield>
    <subfield code="y">RN</subfield>
  </datafield>
  <datafield tag="952" ind1=" " ind2=" ">
    <subfield code="0">0</subfield>
    <subfield code="1">0</subfield>
    <subfield code="4">0</subfield>
    <subfield code="7">0</subfield>
    <subfield code="a">BCEJYS</subfield>
    <subfield code="b">BCEJYS</subfield>
    <subfield code="c">17</subfield>
    <subfield code="d">1971-01-01</subfield>
    <subfield code="h">N&#xBA; 202 - ene. 1971</subfield>
    <subfield code="l">0</subfield>
    <subfield code="o">H338.43 EST 202</subfield>
    <subfield code="p">R13860</subfield>
    <subfield code="r">2026-04-10 16:08:46</subfield>
    <subfield code="w">2026-04-10</subfield>
    <subfield code="y">RN</subfield>
  </datafield>
</record>
